000 01532cam a22002054a 4500
005 20250605164038.0
008 250528s ||||||||||||||||||||||||d
035 _a16891
020 _a9602861274
040 _aGR-AtMCL
_bgre
_dGR-AtMCL
_eAACR2
245 1 _aΣυμπεριφορά του Καταναλωτή
260 _bΈλλην,
_c1995
300 _a165
505 0 _aΕισαγωγή, Μάρκετινγκ και Συμπεριφορά Καταναλωτή, Μοντέλα Αγοραστικής Συμπεριφοράς, Η Αγοραστική Συμπεριφορά του Τελικού Καταναλωτη, Διαδικασία της Απόφασης του Αγοραστή, Οργανωμένες Αγορές και η Συμπεριφορά του Οργανωμένου Αγοραστή, Μέτρηση της Ανταπόκρισης του Καταναλωτή.
520 _aΕισαγωγή, Μάρκετινγκ και Συμπεριφορά Καταναλωτή, Μοντέλα Αγοραστικής Συμπεριφοράς, Η Αγοραστική Συμπεριφορά του Τελικού Καταναλωτη, Διαδικασία της Απόφασης του Αγοραστή, Οργανωμένες Αγορές και η Συμπεριφορά του Οργανωμένου Αγοραστή, Μέτρηση της Ανταπόκρισης του Καταναλωτή.
700 1 _aΕξαδάκτυλος Νικόλαος
_92983
942 _cBK
999 _c2341
_d2341